| 000 | 00402nam a2200145 a 4500 | ||
|---|---|---|---|
| 005 | 20140414093838.0 | ||
| 008 | 030923s19uu xx 00 eng d | ||
| 050 |
_aVCD 791.43 _bGON 1999 |
||
| 100 | _aSelznick's, David O. | ||
| 245 |
_aGone with the Wind / _cDavid O. Selznick's, Margaret Mitchell's. |
||
| 500 | _a(Disc 1, 2, 3, 4) | ||
| 650 | _aMotion picture. | ||
| 942 | _cAVM | ||
| 999 |
_c109114 _d109114 |
||